Szczegóły MARC21

Relacje z kluczowymi klientami : analiza i zarządzanie /

005 -DATA I CZAS OSTATNIEJ MODYFIKACJI [,]
    • @
    • pole kontrolne
    • 20080303083412.0
020 -Międzynarod. znormalizowany nr książki - ISBN [ , ]
    • a
    • Numer ISBN
    • 8388597752 Find
040 -Instytucja sporządzająca opis [ , ]
    • a
    • Instytucja, która sporządziła opis (NP)
    • SZCZ U
    • c
    • Instytucja, która sporządziła rekord (NP)
    • SZCZ U
    • d
    • Instytucja, która zmodyfikowała rekord (P)
    • SZCZ U/JŚ
041 -Język dokumentu [1, ]
    • a
    • Język tekstu (P)
    • polski
    • h
    • Język tekstu oryginalnego i/lub pośredniego (P)
    • angielski
044 -Kraj miejsca wydania [ , ]
    • a
    • Kraj miejsca wydania
    • Polska
942 -Rodzaj dokumentu [ , ]
    • c
    • Rodzaj dokumentu
    • Książka
100 -Hasło główne - nazwa osobowa [1, ]
    • a
    • Nazwa osobowa (NP)
    • Burnett, Ken
    • d
    • Daty biograficzne (NP)
    • (1930-)
245 -Strefa tytułu i oznaczenia odpowiedzialności [1,0]
    • a
    • Tytuł
    • Relacje z kluczowymi klientami : Find
    • b
    • Ciąg dalszy tytułu (NP)
    • analiza i zarządzanie / Find
    • c
    • Pozostałe elementy strefy tytułu i oznaczenia odpowiedzialności (NP)
    • Ken Burnett.
246 -Wariant tytułu [3,0]
    • a
    • Tytuł (NP)
    • The handbook of key customer relationship management : the definitive guide to winning, managing and developing key account business
    • i
    • Tekst wyświetlany na ekranie monitora (NP)
    • Tyt. oryg.
260 -Strefa adresu wydawniczego [ , ]
    • a
    • Miejsce wydania (P)
    • Kraków :
    • b
    • Nazwa wydawcy (P)
    • Oficyna Ekonomiczna,
    • c
    • Data wydania (P)
    • 2002.
300 -Strefa opisu fizycznego [ , ]
    • a
    • Określenie formy książki i/lub objętość (NP)
    • 432 s. :
    • b
    • Oznaczenie ilustracji (NP)
    • il. ;
    • c
    • Format (NP)
    • 24 cm.
440 -Strefa serii i książki wielotomowej - forma do wyszukiwania [ ,0]
    • a
    • Tytuł (NP)
    • Publikacje Biznesowe Find
    • 9
    • KHW
    • 76240
504 -Uwaga dot. bibliogr. załącznikowej [ , ]
    • a
    • Uwaga dot. bibliografii załącznikowej
    • Ind.
546 -Uwaga dot. języka [ , ]
    • a
    • Uwaga dot. języka
    • Tł. z jęz. ang.
080 -Uniwersalna Klasyfikacja Dziesiętna [ , ]
    • 2
    • Identyfikator wydania tablic
    • UDC P058
    • a
    • Symbol klasyfikacji
    • 658.1/.5
    • b
    • Dopowiedzenie
    • Organizacja przedsiębiorstwa.
080 -Uniwersalna Klasyfikacja Dziesiętna [ , ]
    • 2
    • Identyfikator wydania tablic
    • UDC P058
    • a
    • Symbol klasyfikacji
    • 366
    • b
    • Dopowiedzenie
    • Konsumeryzm. Konsumenci.
980 -Symbol UKD [ , ]
    • a
    • UKD
    • 658.1/.5:366
920 -ISBN [ , ]
    • a
    • ISBN
    • 83-88597-75-2 Find
Lokalizacja Data inwentaryzacji Status udost. Numer inwentarzowy Sygnatura
BE2003-03-07-2S.90294 
T2003-03-07-6TM.633 
T2008-01-14-2T.9728T.9728
T2014-11-20-3TM.11672TM.11672